000
00234nam a2200097Ia 4500
001
647577
005
20250826153705.0
008
250824s9999 xx 000 0 und d
245
0
_a
Ruby Rogers İşine Bak !
_c
Sue Limb
260
_b
ALTIN
999
_c
647577
_d
647577